Chain Words #2 - Statistics

General Stats
  • This quiz has been taken 22 times
    13 since last reset
  • The average score is 16 of 40
Answer Stats
Hint Answer % Correct
which came first the Chicken of the ____? Egg
100%
most windows are made of this Glass
100%
Green angry Human Hulk
100%
Giant Gorilla King Kong
100%
Super Mario is a Video ______ Game
92%
This is what gives heat to the Earth Sun
92%
They are commonly known to be slow animals Sloth
83%
Utensil used for cereal Spoon
67%
In hockey when you put the puck in the net its a ____ Goal
58%
Miami Basketball Team Heat
58%
This NBA team won the championship in 2023 Nuggets
58%
Kids go to _____ during the day School
58%
animal with a mane Lion
50%
if your not healthy your _____ Sick
50%
This NBA team lost in the 2021 Championship Suns
50%
Used for protection against the rain Umbrella
50%
there are 100 ____ in a football field Yards
50%
Basketball team that plays at MSG Knicks
42%
The series of games played after the regular season to determine the champion Playoffs
42%
A home run with bases loaded Grand Slam
33%
Won the SuperBowl in 2026 Seahawks
33%
All time points leader in NBA LeBron James
25%
GOAT of basketball and went 6-0 in championship appearances Michael Jordan
25%
A limit on the amount of money a team can spend on player salaries Salary cap
25%
Which NFL player won 7 super Bowls Tom Brady
25%
Baseball team that starts with A (Team Name) Astros
17%
won a Superbowl in 2008 and 2012 Eli manning
17%
Jersey number was 30 and was a key part in 73-9 warriors Stephen Curry
17%
Alien 626 Stitch
17%
Which MLB Yankees
17%
Which NHL team has Connor Mcdavid Edmonton Oilers
8%
Got the 1st overall pick in the 2024 NBA lottery Hawks
8%
NBA player who won finals MVP in 2023 Nikola Jokic
8%
Martial arts style practiced for self-defense Ninjutsu
8%
Passing a soccer ball between an opponent's legs Nutmeg
8%
A game in which one team prevents the other from scoring Shutout
8%
1st overall pick in the NBA 2021 draft Cade Cunningham
0%
won NBA MVP's in 1979,1982,1983 Moses Malone
0%
Was a key part of the 2025 NFL Championship (RB) Saquon Barkley
0%
Plays Tight End and was a star in the season 2025-2026 Trey McBride
0%
No matching quizzes found
Score Distribution
Percent of People with Each Score
Percentile by Number Answered
Your Score History
You have not taken this quiz since the last reset